000 00226nam a2200097Ia 4500
008 120527s9999 xx 000 0 und d
100 _aBEDOYERE,Guydela.
245 _aRoman towns in Britain.
260 _bBatsford
942 _cBK
999 _c23854
_d23854